000 00605nam a2200241Ia 4500
003 OSt
005 20220912150526.0
006 a|||||r|||| 00| 0
007 ta
008 220909b |||||||| |||| 00| 0 eng d
024 _a23619
037 _cTextual
040 _aCSL
_beng
_cCSL
041 _aeng
082 _aU25z7, M1
100 _aVoipio A
245 0 _aBaltic sea
260 _aAmsterdam
_bElsevier Scientific
_c1981
300 _axiv,418p.
_ccm.
490 _aElsevier Oceanography Series; 30
942 _hU25z7, M1
_cTEXL
_2CC
999 _c49354
_d49354